Energy and Environmental Issues in Slovakia <a> report on the Slovak-US Conference at Smolenice Castle September 4-6, 1994
Saved in:
| Other Authors: | , |
|---|---|
| Format: | Book |
| Language: | English |
| Published: |
Bellevue
City University
1994
|
| Edition: | 1. vyd. |
| Subjects: | |
| Tags: |
No Tags, Be the first to tag this record!
|
MARC
| LEADER | 00000nam a2200000 4500 | ||
|---|---|---|---|
| 001 | c009513 | ||
| 005 | 20221214074254.8 | ||
| 041 | 0 | |a eng | |
| 044 | |a US | ||
| 245 | 1 | 0 | |a Energy and Environmental Issues in Slovakia |b <a> report on the Slovak-US Conference at Smolenice Castle September 4-6, 1994 |c Hl. zost. Helmut Hofmann, Dale Miller |
| 250 | |a 1. vyd. | ||
| 264 | 1 | |a Bellevue |b City University |c 1994 | |
| 300 | |a 41 s. | ||
| 610 | 2 | 0 | |a energia |
| 610 | 2 | 0 | |a prostredie životné |
| 610 | 2 | 0 | |a Slovensko |
| 610 | 2 | 0 | |a USA |
| 700 | 1 | |a Hofmann, Helmut | |
| 700 | 1 | |a Miller, Dale | |